Προσεγγίσεις στο διεθνές ανθρωπιστικό δίκαιο

Αποθηκεύτηκε σε:
Λεπτομέρειες βιβλιογραφικής εγγραφής
Κύριος συγγραφέας: Χατζηκωνσταντίνου, Κωνσταντίνος Θ.
Μορφή: Βιβλίο
Γλώσσα:Greek
Δημοσίευση: Αθήνα: Σιδέρης, c1999.
Θέματα:
Ετικέτες: Προσθήκη ετικέτας
Δεν υπάρχουν, Καταχωρήστε ετικέτα πρώτοι!

MARC

LEADER 00000cam a2200000 a 4500
001 1/123874
008 211108s1999####gr | ||| |||| ||gre||
020 |a 96000801770  
040 |a GR-MyUa   |b gre   |c GR-MyUa   |e AACR2  
041 0 |a gre 
082 7 |a 341.48   |2 (23)  
100 1 |a Χατζηκωνσταντίνου, Κωνσταντίνος Θ. 
245 1 0 |a Προσεγγίσεις στο διεθνές ανθρωπιστικό δίκαιο /   |c Κώστα Χατζηκωνσταντίνου.  
260 |a Αθήνα:   |b Σιδέρης,   |c c1999.  
300 |a 623 σ. ;   |c 24 εκ.  
500 |a Περιλαμβάνει αποσπάσματα της Σύμβασης της Γενεύης.  
504 |a Βιβλιογραφία: σ. [435]-458. Ευρετήριο.  
650 0 |a Crimes against humanity. 
650 0 |a International law. 
650 0 |a Human rights. 
650 0 |a War victims. 
852 |a INST  |b RHODES  |e 20211108  |h 341.48 ΧΑΤ  |p 005400042369  |q 005400042369  |t BK  |y 0 
922 |a 4ΕΛΗ  |b 2021/11 
970 |a Σιδερή   |b Νεκταρία   |z 08/11/2021